Ví dụ và bài tập Visual Basic : Lập trình cơ sở dữ liệu và Report

Sách cung cấp cho bạn những kiến thức liên quan đến việc trình bày dữ liệu trên các điều khiển, kết hợp các điều khiển, thao tác dữ liệu, nhằm tạo ra ứng dụng mang tính thực tiễn cao. Sách bao gồm 8 chuyên đề chính, xuyên suốt từ đối...

Πλήρης περιγραφή

Αποθηκεύτηκε σε:
Λεπτομέρειες βιβλιογραφικής εγγραφής
Κύριος συγγραφέας: Phạm, Hữu Khang
Μορφή: Βιβλίο
Γλώσσα:Undetermined
Έκδοση: Hà Nội Lao động - Xã hội 2006
Θέματα:
Ετικέτες: Προσθήκη ετικέτας
Δεν υπάρχουν, Καταχωρήστε ετικέτα πρώτοι!
Thư viện lưu trữ: Trung tâm Học liệu Trường Đại học Cần Thơ
LEADER 01646nam a2200229Ia 4500
001 CTU_212497
008 210402s9999 xx 000 0 und d
020 |c 89000 
082 |a 005.2768 
082 |b Kh106 
100 |a Phạm, Hữu Khang 
245 0 |a Ví dụ và bài tập Visual Basic : 
245 0 |b Lập trình cơ sở dữ liệu và Report 
245 0 |c Chủ biên: Phạm Hữu Khang , Hoàng Đức Hải ; Hiệu đính: Phương Lan 
260 |a Hà Nội 
260 |b Lao động - Xã hội 
260 |c 2006 
520 |a Sách cung cấp cho bạn những kiến thức liên quan đến việc trình bày dữ liệu trên các điều khiển, kết hợp các điều khiển, thao tác dữ liệu, nhằm tạo ra ứng dụng mang tính thực tiễn cao. Sách bao gồm 8 chuyên đề chính, xuyên suốt từ đối tượng Connection, Command, DataReader, DataApdapter, DataSet, DataTable, DataView, DataRow, DataColumn, DataRelation đến việc trình bày dữ liệu trên các điều khiển và xây dựng các lớp dùng chung. Quyển sách này cho bạn một khối lượng ví dụ hữu ích, đa dạng, trên 300 bài tập tham khảo có lời giải rõ ràng liên quan đến nhiều vấn đề thực tiễn. 
650 |a Basic ( Computer program language ) 
904 |i Giang 
910 |a Sách có đĩa kèm theo có số: AV.004932 
980 |a Trung tâm Học liệu Trường Đại học Cần Thơ